| 000 | 00398ntaaa2200157 4500 | ||
|---|---|---|---|
| 003 | 01 | ||
| 005 | 20251027201603.0 | ||
| 008 | 0714s1973 ag 01 | ||
| 040 |
_aAR-BaBN _bspa _cAR-BaBN _eaacr _dRIC |
||
| 082 | _a230.0000 P438 | ||
| 100 |
_aPerez, Juan _914496 |
||
| 245 | _aBreve tratado de doctrina util para todo cristiana | ||
| 250 |
_a1 ed. : _bs.l., _c1832 |
||
| 650 | _aTeologĂa | ||
| 942 | _cBK | ||
| 999 |
_c10464 _d10464 |
||